Szczegóły MARC21

U źródeł wielkiej transformacji /

003 -Nazwa inst., której nr kontr. jest w polu 001 [,]
    • @
    • Nazwa instytucji, której n kontrolny jest w polu 001
    • NUKAT
005 -DATA I CZAS OSTATNIEJ MODYFIKACJI [,]
    • @
    • pole kontrolne
    • 20241231105604.0
020 -Międzynarod. znormalizowany nr książki - ISBN [ , ]
    • a
    • Numer ISBN
    • 8385505938 Find
040 -Instytucja sporządzająca opis [ , ]
    • a
    • Instytucja, która sporządziła opis (NP)
    • KR U/GK
    • c
    • Instytucja, która sporządziła rekord (NP)
    • KR U/GK
    • d
    • Instytucja, która zmodyfikowała rekord (P)
    • KR U/ES
    • d
    • Instytucja, która zmodyfikowała rekord (P)
    • KR U/ABs
942 -Rodzaj dokumentu [ , ]
    • c
    • Rodzaj dokumentu
    • Książka
100 -Hasło główne - nazwa osobowa [1, ]
    • a
    • Nazwa osobowa (NP)
    • Baka, Władysław
    • d
    • Daty biograficzne (NP)
    • (1936-2021).
    • 9
    • KHW
    • 11282
245 -Strefa tytułu i oznaczenia odpowiedzialności [1,0]
    • a
    • Tytuł
    • U źródeł wielkiej transformacji / Find
    • c
    • Pozostałe elementy strefy tytułu i oznaczenia odpowiedzialności (NP)
    • Władysław Baka.
260 -Strefa adresu wydawniczego [ , ]
    • a
    • Miejsce wydania (P)
    • Warszawa :
    • b
    • Nazwa wydawcy (P)
    • Oficyna Naukowa,
    • c
    • Data wydania (P)
    • 1999.
300 -Strefa opisu fizycznego [ , ]
    • a
    • Określenie formy książki i/lub objętość (NP)
    • 262, [2] s. ;
    • c
    • Format (NP)
    • 21 cm.
336 -Typ zawartości [ , ]
    • a
    • Termin opisujący typ zawartości
    • Tekst
    • b
    • Kod określający zawartość
    • txt
    • 2
    • Źródło (terminu i kodu)
    • rdacontent
337 -Typ mediów [ , ]
    • a
    • Tryb odtwarzania
    • Bez urządzenia pośredniczącego
    • b
    • Kod typu mediów
    • n
    • 2
    • Źródło (terminu i kodu)
    • rdamedia
338 -Typ/rodzaj nośnika [ , ]
    • a
    • Hasło opisujące typ nośnika
    • Wolumin
    • b
    • Kod typu nośnika
    • nc
    • 2
    • Źródło (terminu i kodu)
    • rdacarrier
080 -Uniwersalna Klasyfikacja Dziesiętna [ , ]
    • a
    • Symbol klasyfikacji
    • 338.22(438)"1945/..."
650 -Hasło przedmiotowe [ ,7]
    • a
    • Hasło przedmiotowe
    • Socjalizm
    • z
    • Określnik geograficzny
    • Polska
    • y
    • Określnik chronologiczny
    • 1945-1990.
    • 2
    • Źródło terminu
    • kaba
    • 9
    • KHW
    • 350617
650 -Hasło przedmiotowe [ ,7]
    • a
    • Hasło przedmiotowe
    • Zmiana społeczna
    • z
    • Określnik geograficzny
    • Polska
    • y
    • Określnik chronologiczny
    • 1990-.
    • 2
    • Źródło terminu
    • kaba
    • 9
    • KHW
    • 360245
651 -Hasło przedmiotowe w formie nazwy geograficznej [ ,7]
    • a
    • Nazwa geograficzna
    • Polska
    • x
    • Określnik rzeczowy
    • polityka i rządy
    • y
    • Określnik chronologiczny
    • 1945-1981.
    • 2
    • Źródło terminu
    • kaba
    • 9
    • KHW
    • 124811
651 -Hasło przedmiotowe w formie nazwy geograficznej [ ,7]
    • a
    • Nazwa geograficzna
    • Polska
    • y
    • Określnik chronologiczny
    • 1989 (Okrągły Stół)
    • v
    • Określnik formalny
    • źródła.
    • 2
    • Źródło terminu
    • kaba
    • 9
    • KHW
    • 445211
980 -Symbol UKD [ , ]
    • a
    • UKD
    • 338.22(438)"1945/..."
920 -ISBN [ , ]
    • a
    • ISBN
    • 83-85505-93-8 Find
Status udost. Numer inwentarzowy Lokalizacja Data inwentaryzacji
-2E.66866BE2000-06-21
2S.86154BE2000-06-21
2S.86155BE2000-06-21
-3S.86156BE2000-06-21
-3S.86157BE2000-06-21